| 000 | 00339nam a2200133Ia 4500 | ||
|---|---|---|---|
| 008 | 190704s9999||||xx |||||||||||||| ||und|| | ||
| 020 | _a9780393331264 | ||
| 082 |
_a740 _bEIS/W |
||
| 100 | _aEisner, Will | ||
| 245 | 0 | _aWilleisner Comics and Sequential Art: | |
| 260 |
_aLondon _bW.W. Norton & Company _c2008 |
||
| 300 | _a175p. | ||
| 942 | _cBK | ||
| 999 |
_c6381 _d6381 |
||